Geography Quiz

Random Geography or City Quiz

London: A General Knowledge Quiz Stats

 Plays Quiz Updated Nov 4, 2018

Also try: London Underground
Challenge
Share
Tweet
Embed
Score 0/40 Timer 08:00
6 Plays Today
Category Answer % Correct
The London UndergroundThe Tube
92.9%
The London UndergroundHeathrow
82.8%
In Popular CultureSherlock Holmes
82.4%
In Popular CultureLondon Bridge
78.7%
SportWimbledon
72.3%
Buildings & ArchitectureSt. Paul's Cathedral
70.7%
In Popular CultureNotting Hill
69.4%
SportOxford and Cambridge
69.2%
PeopleSadiq Khan
61.7%
PeopleDavid Beckham
60.2%
HistoryThe Great Fire of London
60.1%
In Popular CultureFriends
58%
HistoryElizabeth I
57.4%
Fun FactsNorthern Bottlenose Whale
54.8%
The London UndergroundWaterloo
54.7%
Buildings & ArchitectureThe Shard
53.7%
MusicLDN
52.8%
PeopleChancellor of the Exchequer
48.9%
MusicThe Clash
48.7%
PeopleSebastian Coe
48.4%
Category Answer % Correct
MusicWembley Stadium
47.5%
HistoryIran
47.4%
Fun FactsPiccadilly Circus
46.7%
Buildings & ArchitectureThe Gherkin
46.6%
SportLondon Marathon
46.6%
SportTwickenham
45.1%
PeopleThe Edge
42.4%
HistoryLondinium
40.4%
SportStratford
37.3%
MusicBrian May
36.4%
Buildings & ArchitectureWestfield London Shopping Centre
35.8%
HistoryWilliam I
35.6%
Fun FactsCrystal Palace
34.9%
Fun FactsDistrict (55)
32.2%
Fun FactsPalace of Westminster
24.4%
The London UndergroundWaterloo & City Line
23.9%
MusicWaterloo Sunset
21.8%
In Popular Culture1969
15.9%
The London UndergroundAldwych
11.5%
Buildings & ArchitectureGreater London Authority
6.1%

You're not logged in!

Compare scores with friends on all Sporcle quizzes.
Join for Free
OR
Log In

You Might Also Like...

Show Comments

Extras

Top Quizzes Today


Score Distribution

Your Account Isn't Verified!

In order to create a playlist on Sporcle, you need to verify the email address you used during registration. Go to your Sporcle Settings to finish the process.

Report this User

Report this user for behavior that violates our Community Guidelines.

Details: